00507nam a2200193 a 4500001001300000003000900013005001700022008004100039020001000080082001800090100002400108245003000132260004400162300000900206500003500215505001000250650002900260700002400289nice12345678IN_TiNIC20260116013841.0050524s1977 newa grp 000 0 eng  ac25000a291.211bCAR2 aCarpenter, J Estlin aTheism in Medieval India. aNew DelhibOriental Books Reprintc1977 a552p aincludes index and biblioraphy2 aIndex aComparative Religion-God1 aCarpenter, J Estlin